|
|
|
|
| LEADER |
00991nam a2200277 a 4500 |
| 001 |
2034021 |
| 008 |
091124s2004 enka b 000 0 eng d |
| 010 |
|
|
|a 92045779
|
| 020 |
|
|
|a 0273684329
|
| 020 |
|
|
|a 9780273684329
|
| 020 |
|
|
|a 0582214300
|
| 040 |
|
|
|a DLC
|c DLC
|d DLC
|
| 082 |
0 |
0 |
|a 330
|2 20
|
| 245 |
0 |
0 |
|a Applied economics :
|b an introductory course /
|c Alan Griffiths and Stuart Wall, editors.
|
| 250 |
|
|
|a 10th ed.
|
| 260 |
|
|
|a London ;
|a New York :
|b Pearson Educations,
|c c2004.
|
| 300 |
|
|
|a xviii, 66 p. :
|b ill. ;
|c 25 cm.
|
| 504 |
|
|
|a Includes bibliographical references and index.
|
| 541 |
1 |
|
|e 00015556
|
| 650 |
|
0 |
|a Economics.
|
| 651 |
|
0 |
|a Great Britain
|x Economic conditions
|y 20th century.
|
| 700 |
1 |
|
|a Griffiths, Alan,
|d 1944-
|
| 700 |
1 |
|
|a Wall, Stuart,
|d 1946-
|
| 852 |
4 |
|
|a Ayesha Abed Library
|j General Shelf
|
| 999 |
|
|
|c 5865
|d 5865
|
| 952 |
|
|
|0 0
|1 0
|2 ddc
|4 0
|6 330_APP
|7 0
|9 5849
|a BRACUL
|b BRACUL
|c GEN
|d 2009-12-06
|l 1
|o 330 APP
|p 3010015556
|r 2013-09-22
|s 2013-09-15
|t 1
|w 2009-12-06
|y BK
|